Palabras más largas en español - Estadísticas

Estadísticas generales
  • Esta prueba ha sido intentada 80 veces
  • La puntuación promedio es 3 de 10
Estadísticas de respuestas
Temas Letras Respuesta % Correcto
músculo 22 Esternocleidomastoideo
83%
Electricidad, Encéfalo, grafo 21 Electroencefalografía
49%
Electricidad, Encéfalo, grafo 23 Electroencefalografista
39%
Electricidad, Encéfalo, grafo 22 Electroencefalográfico
23%
Constitución 22 Anticonstitucionalidad
14%
Revolución 21 Contrarrevolucionario
14%
ADN, núcleo 21 Desoxirribonucleótido
11%
Laringe 21 Otorrinolaringológico
9%
Norteamérica 21 Antinorteamericanismo
6%
Disciplina 21 Interdisciplinariedad
4%
No se encontraron pruebas coincidentes
Distribución de puntuación
Porcentaje de gente con cada puntuación
Porcentaje por número respondido
Historial de tus puntuaciones
No has intentado esta prueba.